ბათუმის შოთა რუსთაველის სახელმწიფო უნივერსიტეტის ბიბლიოთეკა

ერთი პეშვი მიწა (ბიბ.ჩანაწერი № 42277)

000 -LEADER
fixed length control field 00771nam a2200217Ia 4500
001 - CONTROL NUMBER
control field 8972
003 - CONTROL NUMBER IDENTIFIER
control field GE_BSU
008 - FIXED-LENGTH DATA ELEMENTS--GENERAL INFORMATION
fixed length control field 181216s||||||||xx |||||||||||||| ||und||
040 ## - CATALOGING SOURCE
Transcribing agency GE_BSU
100 ## - MAIN ENTRY--PERSONAL NAME
Personal name კარბელაშვილი,გივი
245 ## - TITLE STATEMENT
Title ერთი პეშვი მიწა
245 ## - TITLE STATEMENT
Remainder of title ნოველები და მოთხრობები
245 ## - TITLE STATEMENT
Statement of responsibility, etc. რედ.ალ.ადამია.მხატვ.დ.ზარაფიშვილი
260 ## - PUBLICATION, DISTRIBUTION, ETC.
Place of publication, distribution, etc. თბილისი
260 ## - PUBLICATION, DISTRIBUTION, ETC.
Name of publisher, distributor, etc. ლიტერატურა და ხელოვნება
260 ## - PUBLICATION, DISTRIBUTION, ETC.
Date of publication, distribution, etc. 1967
300 ## - PHYSICAL DESCRIPTION
Extent 201გვ.20სმ.
653 ## - INDEX TERM--UNCONTROLLED
Uncontrolled term ერთი პეშვი მიწა
653 ## - INDEX TERM--UNCONTROLLED
Uncontrolled term ნოველები
942 ## - ADDED ENTRY ELEMENTS (KOHA)
Koha item type წიგნი
ეგზემპლარები
Withdrawn status Lost status Damaged status Not for loan Date acquired Barcode Date last seen Price effective from Koha item type
        2018-12-17 31544 2018-12-17 2018-12-17 წიგნი